banner-ar

صناعة الاسواق : (Record no. 62509)

MARC details
000 -الفاتح
حقل البيانات ثابتة الطول 00905nam a22002177a 4500
005 - وقت وتاريخ اخر تعامل مع التسجيلة
رقم الضبط 20240530110553.0
008 - عناصر البيانات ثابتة الطول - معلومات عامة
حقل البيانات ثابتة الطول 160730s2014 ua a f |||| 00| 0 ara d
017 ## - رقم الايداع القانونى
رقم الايداع القانونى 2013/8972
المصدر ( الهيئة المختصة) مصر. دار الكتب الوطنية
020 ## - الرقم الدولى المعيارى للكتب
الرقم الدولى المعيارى للكتاب 9789773832721
040 ## - مصدر الفهرسة
وكالة الفهرسة الأصلية EG-CaGPL
082 04 - رقم تصنيف ديوى العشرى
رقم التصنيف 658.84/
رقم المادة م ص
رقم الطبعة 21
100 0# - المدخل الرئيسى - إسم شخصى
الإسم الشخصى محسن احمد الخضيري.
245 10 - بيان العنوان
العنوان صناعة الاسواق :
بقية العنوان مدخل اقتصادي و اداري متكامل لانشاء و بناء اسواق محلية و دولية و اعدة دائمة و مستمرة /
بيان المسئوليه,etc اعداد محسن احمد الخضيري.
250 ## - بيان الطبعة
بيان الطبعة ط. 1.
260 ## - PUBLICATION, DISTRIBUTION, ETC. (IMPRINT)
تاريخ النشر أو التوزيع 2014.
300 ## - الوصف المادى
التعداد 276 ص. :
تفاصيل ماديه اخرى للوعاء اشكال ؛
أبعاد الوعاء 24 سم.
650 #4 - المدخل الاضافى بالموضوع-مصطلح موضوعى
مصطلح موضوعي الاسواق
650 #4 - المدخل الاضافى بالموضوع-مصطلح موضوعى
مصطلح موضوعي التسويق
942 ## - عناصر المدخل الإضافي( كوها)
مصدر التصنيف او مخطط الترفيف Dewey Decimal Classification
Koha [default] item type كتاب
260 ## - PUBLICATION, DISTRIBUTION, ETC. (IMPRINT)
-- القاهرة :
-- ايتراك للطباعة والنشر والتوزيع،
Holdings
حالة التراجع حالة الفقد حالة تلف ليس للاعارة المكان المؤقت الموقع الحالى تاريخ الاكتساب اجمالي اﻻعارات رقم الطلب الباركود تاريخ اخر مشاهدة تاريخ تفعيل السعر نوع وعاء كوها
        مكتبة القاهرة الكبرى مكتبة القاهرة الكبرى 07/30/2016   658.84/ م ص 162264 07/30/2016 07/30/2016 كتاب

Powered By

EGPV